[Event "Scarborough CC-ch Reserves U1400"]
[Site "Toronto"]
[Date "2012.05.17"]
[Round "9"]
[White "Magee, Michael"]
[Black "Maurer, Hans"]
[Result "1-0"]
[WhiteElo "950"]
[BlackElo "901"]
[PlyCount "59"]
[EventDate "2012.03.22"]
[EventType "swiss"]
[EventRounds "9"]
[EventCountry "CAN"]
[SourceTitle "EXT 2022"]
[Source "ChessBase"]
[SourceDate "2021.10.06"]
[SourceVersion "1"]
[SourceVersionDate "2021.10.06"]
[SourceQuality "1"]

1. e4 e5 2. Nf3 Nc6 3. Bc4 Nf6 4. Ng5 d5 5. exd5 Nxd5 6. Nxf7 Qh4 7. Bxd5 Rg8 8. Nd6+ cxd6 9. Bxg8 Qe4+ 10. Kf1 Qf5 11. Qf3 Ne7 12. Qxf5 Bxf5 13. Bc4 0-0-0 14. d3 h6 15. Nc3 d5 16. Bb3 d4 17. Ne4 Ng6 18. g3 Bb4 19. c3 dxc3 20. bxc3 Ba5 21. Be3 Kb8 22. Kg2 Rxd3 23. Nd2 Be4+ 24. Nxe4 Ne7 25. Rhd1 Rxd1 26. Rxd1 Kc7 27. Bxa7 b6 28. Be6 Nc6 29. Rd7+ Kc8 30. Nd6# 1-0

[Event "Scarborough CC Frost U1400"]
[Site "Toronto"]
[Date "2012.01.12"]
[Round "2"]
[White "Liu, Daniel1111"]
[Black "Maurer, Hans"]
[Result "1/2-1/2"]
[WhiteElo "1122"]
[BlackElo "945"]
[PlyCount "114"]
[EventDate "2012.01.05"]
[EventType "swiss"]
[EventRounds "6"]
[EventCountry "CAN"]
[SourceTitle "EXT 2022"]
[Source "ChessBase"]
[SourceDate "2021.10.06"]
[SourceVersion "1"]
[SourceVersionDate "2021.10.06"]
[SourceQuality "1"]

1. e4 e6 2. Nf3 d5 3. e5 Nc6 4. d4 h6 5. Nc3 f6 6. exf6 Nxf6 7. h3 a6 8. Be3 Bd6 9. a3 b5 10. Bd3 Ne4 11. Nxe4 dxe4 12. Bxe4 Bb7 13. Qd3 Qf6 14. c3 0-0-0 15. Bxc6 Bxc6 16. Qe2 g5 17. a4 Qf5 18. axb5 Bxb5 19. c4 Bb4+ 20. Kd1 Ba4+ 21. Rxa4 Qb1+ 22. Bc1 a5 23. Qxe6+ Kb8 24. Qe2 Rhe8 25. Qc2 Qxc2+ 26. Kxc2 Re2+ 27. Kb1 Rxf2 28. Rd1 Rxg2 29. Bd2 Bxd2 30. Nxd2 Rxd4 31. Kc2 Kb7 32. b3 c5 33. Rxa5 Kb6 34. Rb5+ Kc6 35. Kc1 Rg3 36. Nf1 Rc3+ 37. Kb2 Rxd1 38. Kxc3 Rxf1 39. b4 Rf3+ 40. Kd2 cxb4 41. Rxb4 Kc5 42. Ra4 Rxh3 43. Kc2 Rf3 44. Kd2 g4 45. Ra5+ Kxc4 46. Ra4+ Kd5 47. Rxg4 Rf8 48. Ke3 Ke5 49. Rh4 Rh8 50. Kf3 Kf5 51. Rf4+ Kg5 52. Ra4 Kf5 53. Rf4+ Kg6 54. Kg3 h5 55. Kh4 Kg7 56. Ra4 Kg6 57. Ra6+ Kf5 1/2-1/2

[Event "Scarborough CC Howard Ridout U1800"]
[Site "Toronto"]
[Date "2011.09.08"]
[Round "1"]
[White "Tismenko, Tetyana"]
[Black "Maurer, Hans"]
[Result "1-0"]
[WhiteElo "1477"]
[BlackElo "1018"]
[PlyCount "95"]
[EventDate "2011.09.08"]
[EventType "swiss"]
[EventRounds "6"]
[EventCountry "CAN"]
[SourceTitle "EXT 2022"]
[Source "ChessBase"]
[SourceDate "2021.10.06"]
[SourceVersion "1"]
[SourceVersionDate "2021.10.06"]
[SourceQuality "1"]

1. e4 e5 2. Nf3 Nc6 3. Bb5 a6 4. Ba4 b5 5. Bb3 Nf6 6. d3 Bc5 7. 0-0 Bb7 8. c3 h6 9. Be3 Qe7 10. Nbd2 0-0-0 11. Bxc5 Qxc5 12. Bxf7 d5 13. exd5 Nxd5 14. Bxd5 Qxd5 15. Nb3 Qxd3 16. Qxd3 Rxd3 17. Nc5 Rd5 18. Nxb7 Kxb7 19. Rfe1 Re8 20. Rad1 Rxd1 21. Rxd1 e4 22. Re1 g5 23. Nd2 e3 24. fxe3 Ne5 25. Nf3 Nd3 26. Re2 Nxb2 27. Rxb2 Rxe3 28. Rc2 Re4 29. Kf2 c5 30. h3 Rf4 31. Ke3 Rf8 32. Nh2 h5 33. Rd2 Re8+ 34. Kf3 Kb6 35. Rd6+ Ka5 36. Rd5 c4 37. Rxg5 h4 38. Rg4 Kb6 39. Rxh4 a5 40. Re4 Rd8 41. Rd4 Rc8 42. Ng4 b4 43. cxb4 axb4 44. Ne5 c3 45. Rxb4+ Ka5 46. Rc4 Rxc4 47. Nxc4+ Kb4 48. Ne3 1-0

[Event "Scarborough CC Spring Into Summer U1700"]
[Site "Toronto"]
[Date "2011.06.09"]
[Round "6"]
[White "Patel, Shivkumar H"]
[Black "Maurer, Hans"]
[Result "0-1"]
[WhiteElo "865"]
[BlackElo "1077"]
[PlyCount "46"]
[EventDate "2011.04.28"]
[EventType "swiss"]
[EventRounds "9"]
[EventCountry "CAN"]
[SourceTitle "EXT 2022"]
[Source "ChessBase"]
[SourceDate "2021.10.06"]
[SourceVersion "1"]
[SourceVersionDate "2021.10.06"]
[SourceQuality "1"]

1. d4 f5 2. f4 Nf6 3. Nf3 d6 4. e3 a6 5. Bd3 g5 6. g3 Bg7 7. 0-0 Nc6 8. Na3 e6 9. Re1 0-0 10. e4 d5 11. e5 Nh5 12. Qd2 h6 13. g4 Qe8 14. gxh5 gxf4 15. Nh4 Nxd4 16. Qc3 Bh8 17. Qxd4 Qd8 18. Ng6 Rf7 19. Nxh8 Kxh8 20. Bd2 Rg7+ 21. Kf1 Qh4 22. Qf2 Qh3+ 23. Qg2 Qxg2# 0-1